Quản lý dự án

Guardado en:
Detalles Bibliográficos
Autor principal: Heerkens, Gary R.
Formato: Libro
Lenguaje:Undetermined
Publicado: Hà Nội Thống kê 2004
Materias:
Etiquetas: Agregar Etiqueta
Sin Etiquetas, Sea el primero en etiquetar este registro!
Thư viện lưu trữ: Trung tâm Học liệu Trường Đại học Cần Thơ
LEADER 00520nam a2200193Ia 4500
001 CTU_63084
008 210402s9999 xx 000 0 und d
020 |c 36000 
082 |a 658.404 
082 |b H459 
100 |a Heerkens, Gary R. 
245 0 |a Quản lý dự án 
245 0 |c Gary R. Heerkens; ECO Press biên dịch 
260 |a Hà Nội 
260 |b Thống kê 
260 |c 2004 
650 |a Project management 
904 |i Minh 
980 |a Trung tâm Học liệu Trường Đại học Cần Thơ